| 000 | 00911nam a2200277 a 4500 | ||
|---|---|---|---|
| 003 | DO-SdBNP | ||
| 005 | 20260114121206.0 | ||
| 007 | ta | ||
| 008 | 220523e2014 dr ac||gr|||| 001 0 spa d | ||
| 040 |
_aDO-SdBNP _bspa _cBNPHU |
||
| 082 | 4 |
_222 _bM763a _a2014 |
|
| 100 | 1 |
_aMotalvo C. , Rafael V. _917941 |
|
| 245 |
_aEl ABC de la moral y cívica : _bgente nueva para una patria nueva / _cRafael V. Montalvo C. , Henry A. Rojas L. |
||
| 250 | _a5a ed. corregida y ampl | ||
| 260 |
_aSanto Domingo : _bEditora Montalvo, _c2014 |
||
| 300 |
_a259 p. : _bil, retr. ; _c22 cm. |
||
| 504 | _aBibliográfía : p. 258 | ||
| 590 | _aInventariado 2022 / MF | ||
| 650 | 0 |
_aEducación moral _91607 |
|
| 650 | 0 |
_aEducación cívica _91206 |
|
| 650 | 0 |
_aConducta de vida _911947 |
|
| 650 | 4 |
_946124 _aPráctica Moral _xRepública Dominicana |
|
| 700 | 1 |
_917942 _aRojas L. , Henry A |
|
| 910 | _aMFeliz | ||
| 942 |
_2ddc _cLBS1 |
||
| 999 |
_c51788 _d51788 |
||